000 00516nam a22001577a 4500
003 OSt
005 20220107122809.0
008 160317b xxu||||| |||| 00| 0 eng d
040 _c
100 _aFayis K (93613011)
_98569
245 _aVoIP security for mVoiz.vom
502 _bMaster of Science in Computer Science and Information security
_c2013-2015
_dEXT
_eElizabeth Sherly
_fRineez Ahammed N
_g"Livares Technologies"
650 _aINFORMATION SECURITY
_98570
650 _aINTERNET PROTOCOL
_98571
942 _2ddc
_cPR
999 _c5006
_d5006